LEADER 01329nam a2200289 i 4500 001 000000220149 003 CaOOAMICUS 005 20190418105344.0 008 160125s1973 it u000 u ita u 013 $a199046 040 $aSeMil$bita 240 10$aOrganon: Categorie, Dell'espressione, Primi Analitici, Secondi Analitici.$0(OLS)http://semarc/title/422883 245 10$a1: Organon: Categorie, Dell'espressione, Primi Analitici, Secondi Analitici. 264 1$aRoma ; Bari :$bLaterza,$c1973. 300 $aLXIV, 373 p. ;$c19 cm 490 0 $aUniversale Laterza ;$v263 650 4$aLogica - Filosofia.$0(OLS)http://semarc/subject/2012 700 0 $aAristoteles,$d<384-322 a.C.>.$0(OLS)http://semarc/name/1263 773 0 $aAristoteles <384-322 a.C.>$tOpere.$dRoma ; Bari : Laterza, 1973-1993.$kBiblioteca universale Laterza$g1$w()7636 830 0$aUniversale Laterza ;$v263.$0(OLS)http://semarc/title/6923 850 $aSeMil 852 $aSeMil$W1$xVenegono$y1$m2OA III 1$j212219$B170506$CSeMilBibl$Z2$F181143 $81 900 0 $aAristotele. 996 $6245$a1: Organon: Categorie, Dell'espressione, Primi Analitici, Secondi Analitici$9(OLS)http://semarc/title/315793 996 $6264$aRoma ; Bari :$bLaterza$9(OLS)http://semarc/publisher/30305 LEADER 00973nam a2200217 i 4500 001 000000033488 003 CaOOAMICUS 005 20250812093539.0 008 180830s1974 it u000 u ita u 040 $aSeMil$bita 100 1 $aSturzo, Luigi,$c.$0(OLS)http://semarc/name/414 245 10$aScritti inediti /$cLuigi Sturzo. 260 $aRoma :$bCinque Lune,$c1974. 300 $av. ;$c24 cm. 774 0 $aSturzo, Luigi $t1890-1924.$kCollana di studi sturziani$g1$w()191733 774 0 $aSturzo, Luigi $t1924-1940.$kCollana di studi sturziani$g2$w()251740 774 0 $aSturzo, Luigi $t1940-1946.$kCollana di studi sturziani$w()344972 830 0$aCollana di studi sturziani.$0(OLS)http://semarc/title/402495 996 $6245$aScritti inediti$9(OLS)http://semarc/title/17460 996 $6260$aRoma :$bCinque Lune$9(OLS)http://semarc/publisher/31289